Sports Quiz

Random Sports Quiz

NCAAB - Big 6 Conf. Stat Leaders (2000s) Quiz Stats

 Plays Quiz not verified by Sporcle

Score 0/180 Timer 20:00
0 Plays Today
Conf./Category Player % Correct
ACC/PointsJason Williams
94.8%
ACC/PointsShelden Williams
94.8%
ACC/ReboundsShelden Williams
94.8%
ACC/ReboundsEric Williams
94.8%
ACC/AssistsJason Williams
94.8%
Big East/ReboundsTerrence Williams
94.8%
Big East/AssistsTerrence Williams
94.8%
Big Ten/AssistsDeron Williams
94.8%
ACC/PointsTyler Hansbrough
88%
ACC/ReboundsTyler Hansbrough
88%
ACC/PointsJ.J. Redick
83.9%
ACC/PointsJuan Dixon
79.2%
ACC/AssistsJarrett Jack
72.4%
Big 12/AssistsAcie Law
70.8%
Big 12/ReboundsArthur Johnson
70.3%
Pac 10/AssistsMitch Johnson
70.3%
ACC/AssistsSteve Blake
68.8%
Big 12/PointsNick Collison
67.2%
Big 12/ReboundsNick Collison
67.2%
Big East/ReboundsEmeka Okafor
67.2%
Big East/AssistsTaliek Brown
67.2%
Big Ten/PointsDee Brown
67.2%
Big Ten/AssistsDee Brown
67.2%
Pac 10/AssistsDarren Collison
67.2%
ACC/AssistsRaymond Felton
65.1%
Big 12/PointsJarrius Jackson
63.5%
Pac 10/PointsLuke Jackson
63.5%
Pac 10/ReboundsLuke Jackson
63.5%
Big 12/AssistsKirk Hinrich
61.5%
Big Ten/PointsPaul Davis
61.5%
Big Ten/ReboundsPaul Davis
61.5%
SEC/PointsGlen Davis
61.5%
SEC/ReboundsGlen Davis
61.5%
ACC/AssistsTy Lawson
60.9%
Big Ten/PointsAlando Tucker
59.4%
Big Ten/ReboundsAlando Tucker
59.4%
Big East/PointsGerry McNamara
58.3%
Big East/AssistsGerry McNamara
58.3%
ACC/AssistsGreivis Vasquez
57.3%
SEC/PointsErwin Dudley
57.3%
SEC/ReboundsErwin Dudley
57.3%
Big East/PointsHakim Warrick
56.8%
Big East/ReboundsHakim Warrick
56.8%
Big East/ReboundsLuke Harangody
56.8%
Big East/PointsRandy Foye
56.3%
ACC/PointsTyrese Rice
55.7%
ACC/AssistsTyrese Rice
55.7%
Big 12/ReboundsJames Thomas
55.7%
Big East/PointsChris Thomas
55.7%
Big East/PointsDarius Rice
55.7%
Big East/AssistsChris Thomas
55.7%
Big East/ReboundsHasheem Thabeet
54.2%
ACC/PointsJulius Hodge
53.1%
Big 12/ReboundsDamion James
53.1%
Big East/AssistsDominic James
53.1%
ACC/ReboundsLonny Baxter
52.1%
Big Ten/PointsDion Harris
52.1%
Big East/PointsRyan Gomes
51%
Big East/ReboundsRyan Gomes
51%
ACC/PointsSean Singletary
50.5%
Conf./Category Player % Correct
ACC/AssistsSean Singletary
50.5%
ACC/AssistsChris Duhon
49.5%
Big 12/AssistsT.J. Ford
49.5%
Big 12/AssistsRussell Robinson
49%
Big 12/ReboundsDrew Gooden
48.4%
ACC/ReboundsJosh Howard
47.4%
Big 12/PointsJohn Lucas
46.9%
Big 12/AssistsJohn Lucas
46.9%
SEC/PointsChris Lofton
45.8%
Big East/PointsTroy Bell
43.8%
SEC/ReboundsAl Horford
43.2%
ACC/ReboundsTrevor Booker
42.7%
Big East/PointsAllan Ray
42.7%
Big East/PointsSam Young
42.7%
Big Ten/ReboundsJames Augustine
42.7%
SEC/AssistsJamont Gordon
42.7%
Big Ten/AssistsChris Hill
40.1%
Pac 10/ReboundsJordan Hill
40.1%
Big East/AssistsBrandin Knight
38%
SEC/ReboundsDavid Lee
37.5%
Pac 10/AssistsLuke Ridnour
36.5%
ACC/PointsJustin Gray
35.9%
Big Ten/PointsBrian Cook
35.4%
Big Ten/ReboundsBrian Cook
35.4%
Big 12/PointsAndre Emmett
34.4%
Big East/ReboundsJeff Adrien
34.4%
Pac 10/AssistsAaron Brooks
34.4%
Big 12/ReboundsWayne Simien
33.9%
Big 12/PointsHollis Price
32.8%
Big 12/AssistsAaron Miles
32.8%
Pac 10/PointsJon Brockman
32.8%
Pac 10/ReboundsJon Brockman
32.8%
Big East/AssistsLevance Fields
32.3%
Big East/PointsJerel McNeal
31.3%
Big Ten/ReboundsReggie Evans
31.3%
SEC/AssistsRashad Wright
31.3%
SEC/PointsShan Foster
30.7%
Big Ten/AssistsDrew Neitzel
30.2%
Pac 10/PointsJason Gardner
30.2%
Pac 10/PointsIke Diogu
30.2%
Pac 10/ReboundsIke Diogu
30.2%
Pac 10/AssistsJason Gardner
30.2%
Big 12/PointsA.J. Abrams
28.1%
Pac 10/PointsSalim Stoudamire
28.1%
Pac 10/PointsChanning Frye
28.1%
Pac 10/ReboundsChanning Frye
28.1%
Pac 10/PointsCasey Jacobsen
27.6%
Big Ten/AssistsJamar Butler
26.6%
Pac 10/ReboundsTaj Gibson
26%
Big Ten/PointsAdam Haluska
25.5%
Big Ten/AssistsTravis Walton
25.5%
Pac 10/PointsJason Kapono
25.5%
Pac 10/AssistsLuke Walton
25.5%
SEC/PointsKeith Bogans
25.5%
Big 12/PointsRichard Roby
25%
Pac 10/PointsHassan Adams
25%
Pac 10/PointsJosh Shipp
25%
Pac 10/AssistsMustafa Shakur
25%
Big Ten/ReboundsGoran Suton
24.5%
ACC/ReboundsTravis Watson
24%
Conf./Category Player % Correct
Big 12/PointsCurtis Jerrells
24%
Big 12/AssistsCurtis Jerrells
24%
SEC/ReboundsChuck Hayes
24%
SEC/AssistsC.J. Watson
24%
ACC/ReboundsJames Gist
23.4%
Big Ten/PointsDaniel Horton
23.4%
Big Ten/AssistsDaniel Horton
23.4%
Big East/ReboundsMike Sweetney
22.9%
Big Ten/PointsLaVell Blanchard
22.9%
Big Ten/ReboundsLaVell Blanchard
22.9%
Pac 10/ReboundsJeff Pendergraph
22.4%
ACC/ReboundsAnthony King
21.9%
Big 12/PointsBernard King
21.9%
Big 12/AssistsBernard King
21.9%
Big 12/AssistsByron Eaton
21.9%
Big East/ReboundsTorin Francis
21.4%
Pac 10/ReboundsLuc Richard Mbah a Moute
21.4%
Big East/AssistsAndre Barrett
20.8%
SEC/ReboundsBrandon Wallace
20.8%
Pac 10/AssistsKyle Weaver
20.3%
ACC/PointsA.D. Vassallo
19.8%
Big East/AssistsCarl Krauser
19.8%
SEC/PointsMatt Freije
19.3%
SEC/AssistsSundiata Gaines
18.8%
Big 12/ReboundsIvan McFarlin
17.2%
Big Ten/PointsJamelle Cornley
17.2%
Big Ten/ReboundsTerence Dials
17.2%
SEC/ReboundsMatt Bonner
17.2%
Big 12/PointsMartin Zeno
16.7%
SEC/PointsJustin Reed
16.7%
SEC/ReboundsRichard Hendrix
16.7%
Big Ten/ReboundsGreg Brunner
16.1%
Big East/ReboundsGeoff McDermott
15.6%
Big Ten/ReboundsMike Wilkinson
15.6%
Big Ten/AssistsJeff Horner
15.6%
Big 12/ReboundsKevin Rogers
15.1%
Big Ten/AssistsTom Coverdale
15.1%
Pac 10/ReboundsMaarty Leunen
14.6%
Big 12/ReboundsAleks Maric
14.1%
SEC/PointsAlonzo Gee
14.1%
SEC/AssistsQuantez Robertson
14.1%
ACC/AssistsEdward Scott
13%
SEC/AssistsGarrett Temple
13%
Big Ten/AssistsChester Frazier
12.5%
SEC/ReboundsJermareo Davidson
12.5%
Big 12/AssistsWill Blalock
12%
ACC/ReboundsEkene Ibekwe
11.5%
Big Ten/PointsVedran Vukusic
11.5%
SEC/PointsRonald Dupree
11.5%
SEC/ReboundsRonald Dupree
11.5%
Pac 10/ReboundsDavid Bluthenthal
10.9%
SEC/PointsJonathon Modica
9.9%
SEC/AssistsDerrick Zimmerman
9.9%
Pac 10/AssistsBrandon Granville
9.4%
Pac 10/AssistsWill Conroy
9.4%
Big 12/ReboundsStephane Pelle
8.3%
Big East/AssistsKevin Braswell
8.3%
SEC/AssistsCliff Hawkins
7.8%
SEC/AssistsTorris Bright
6.3%
SEC/AssistsTre Kelley
6.3%

You're not logged in!

Compare scores with friends on all Sporcle quizzes.
OR
Log In

Show Comments

Extras

Top Quizzes Today


Score Distribution

Your Account Isn't Verified!

In order to create a playlist on Sporcle, you need to verify the email address you used during registration. Go to your Sporcle Settings to finish the process.

Report this User

Report this user for behavior that violates our Community Guidelines.

Details: